Language Quiz

Random Language or Latin Quiz
Score 0/24 Timer 10:00
0 Plays Today
Hint Answer % Correct
Nominativea
100%
Accusativeam
100%
Genativeae
100%
Dativeae
91.7%
Nominativeae
91.7%
Accusativeas
91.7%
Genativearum
75%
Dativeis
66.7%
Nominativeus
63.6%
Accusativeum
63.6%
Genativei
63.6%
Dativeo
63.6%
Hint Answer % Correct
Nominativei
63.6%
Accusativeos
63.6%
Genativeorum
54.5%
Dativeis
54.5%
Nominative-
54.5%
Accusativeem
54.5%
Genativeis
45.5%
Dativei
45.5%
Nominativees
45.5%
Accusativees
45.5%
Genativeorum
45.5%
Dativeibus
45.5%
Remove Ads.
Support Sporcle.
Get the best of Sporcle when you Go Orange. This ad-free experience offers more features, more stats, and more fun while also helping to support Sporcle. Thank you for becoming a member.

You're not logged in!

Compare scores with friends on all Sporcle quizzes.
OR
Log In

Show Comments

Extras

Created Sep 25, 2019ReportNominate
Tags:Latin Quiz

Top Quizzes Today


Score Distribution

Your Account Isn't Verified!

In order to create a playlist on Sporcle, you need to verify the email address you used during registration. Go to your Sporcle Settings to finish the process.

Report this User

Report this user for behavior that violates our Community Guidelines.

Details: